| 000 | 01468cab a2200289 4500 | ||
|---|---|---|---|
| 001 | ABS55561 | ||
| 008 | 090401t1996 xxu||||| |||| 00| 0 eng d | ||
| 035 | _a(Sirsi) u17322 | ||
| 041 | _aeng | ||
| 245 | _aWillison v Cheverell Estates Ltd and another | ||
| 260 | _c1996 | ||
| 350 | _a0 | ||
| 490 |
_aEstates Gazette _v[1996] EG 133-135(2) |
||
| 520 | _aCA 15 June 1995. Lease of business premises at a rent which was subject to an upwards-only review. Reviewed rent was to be determined on the assumption that the premises were being let for a term equal to the length of the term of the actual lease. C served notice to determine the term in accordance with the provisions of a break clause for redevelopment purposes and served a notice to determine under the Landlord and Tenant Act 1954 s25. C obtained a declaration that it was entitled to operate the rent review clause. W appealed. "Held" the expression `term` in the rent review clause could not be construed as meaning during the continuation of the tenancy. Appeal allowed. | ||
| 650 | _aBREAK CLAUSES | ||
| 650 | _aDETERMINATION | ||
| 650 | _aLANDLORD AND TENANT ACT 1954 PART II | ||
| 650 | _aLANDLORD AND TENANT ACT 1954 S25 | ||
| 650 | _aLEASES | ||
| 650 | _aNOTICE TO QUIT | ||
| 650 | _aRENT REVIEWS | ||
| 650 | _aSTATUTORY CONTINUATION OF TENANCY | ||
| 650 | _aTERMINATION OF TENANCY | ||
| 690 | _aLANDLORD AND TENANT-CASE LAW-RENT REVIEWS | ||
| 942 | _n0 | ||
| 948 | _c04/03/1997 | ||
| 999 |
_c11489 _d11489 |
||